Effect of different chemical fertilizers and manures on the growth and yield of tomato / (Record no. 17434)

MARC details
000 -LEADER
fixed length control field 01056nam a22002537a 4500
001 - CONTROL NUMBER
control field BD-DhSAU 7469
003 - CONTROL NUMBER IDENTIFIER
control field BD-DhSAU
005 - DATE AND TIME OF LATEST TRANSACTION
control field 20240319145056.0
008 - FIXED-LENGTH DATA ELEMENTS--GENERAL INFORMATION
fixed length control field 150422b2006 bg ||||| m||m 00| 0 eng d
040 ## - CATALOGING SOURCE
Original cataloging agency BD-DhSAU
082 ## - DEWEY DECIMAL CLASSIFICATION NUMBER
Edition number 22
Classification number 631.4
Item number M86
100 ## - MAIN ENTRY--PERSONAL NAME
Personal name MOU, MOST. MALIHA FARJANA
Relator term Registration No. # 15-06433
245 ## - TITLE STATEMENT
Title Effect of different chemical fertilizers and manures on the growth and yield of tomato /
Remainder of title MS thesis
260 ## - PUBLICATION, DISTRIBUTION, ETC. (IMPRINT)
Place of publication, distribution, etc. Sher-e- Bangla Agricultural University:
Name of publisher, distributor, etc. Department of Soil Science,
Date of publication, distribution, etc. 2022.
300 ## - PHYSICAL DESCRIPTION
Extent viii, 59p.:
Other physical details 30 cm.
500 ## - GENERAL NOTE
General note MS thesis of Department of Soil Science , Faculty of Agriculture, Sher-e-Bangla Agricultural University, Dhaka, Bangladesh
590 ## - Name of Cataloguer
Name of Cataloger Namul
650 ## - SUBJECT ADDED ENTRY--TOPICAL TERM
Topical term or geographic name as entry element chemical fertilizers
651 ## - SUBJECT ADDED ENTRY--GEOGRAPHIC NAME
Geographic name manures on the growth and yield of tomato
700 ## - ADDED ENTRY--PERSONAL NAME
Personal name Prof. Dr. Md. Asaduzzaman Khan
Relator term Superviser
700 ## - ADDED ENTRY--PERSONAL NAME
Personal name Prof. Mst. Afrose Jahan
Relator term Co-Superviser
856 ## - ELECTRONIC LOCATION AND ACCESS
Uniform Resource Identifier <a href="http://archive.saulibrary.edu.bd:8080/xmlui/handle/123456789/5138">http://archive.saulibrary.edu.bd:8080/xmlui/handle/123456789/5138</a>
942 ## - ADDED ENTRY ELEMENTS (KOHA)
Source of classification or shelving scheme Dewey Decimal Classification
Koha item type MS Level Thesis
Holdings
Withdrawn status Lost status Source of classification or shelving scheme Damaged status Not for loan Collection code Home library Branch Name Date acquired Total Checkouts Full call number Barcode Date last seen Price effective from Koha item type
    Dewey Decimal Classification   Not For Loan Reference SAU Library SAU Library 19/03/2024   631.4 M86 45163 19/03/2024 19/03/2024 MS Level Thesis